History Quiz

Random History or Decade Quiz

Which 2010s Year? Quiz Stats

 Plays Quiz Updated Nov 21, 2019

Score 0/10 Timer 04:00
20 Plays Today
Question Answer Wrong Answers
Which event took place in 2019? Notre Dame Fire
79.8%
Best Picture Wrong Announcement
4%
Arab Spring
3.6%
Legalization of Same Sex Marriage in USA
9.6%
Which event took place in 2017? Trump Inaugurated
75%
Game of Thrones finale
4.2%
Death of George H. W. Bush
12%
Kardashian-Humphries Wedding
6.2%
Which event took place in 2018? Prince Harry Wedding
70.4%
Mayweather vs McGregor
19.8%
9/11 Attacks
0.7%
David Cameron Resigns as PM
6.2%
Which event took place in 2010? Vancouver Olympics
62.9%
Obama-McCain Debate
11%
South Sudan Independence
13.7%
Birth of Prince George
12.2%
Which event took place in 2015? Super Bowl Left Shark
61.6%
Kobe Oscar
14.9%
This Is America video release
6.3%
2016 Summer Olympics
15.2%
Which event took place in 2011? Occupy Wall Street
60.5%
2014 Scottish Referendum
15%
WC Brazil 7-1 loss
9.3%
Chris Webber timeout
14.4%
Which event took place in 2014? Ferguson Missouri Unrest
60%
Brexit Referendum
14.1%
2018 North Korea-USA Summit
4.2%
Philly Special
20%
Which event took place in 2016? Cubs win the World Series
56.5%
2019 Venezuelan Presidential Crisis
13.9%
Breaking Bad finale
12.9%
Obama Romney Debate
14.4%
Which event took place in 2013? Boston Marathon Bombing
50.7%
France Wins the World Cup
6.5%
Death of Fidel Castro
31.3%
J.R. Smith Finals mistake
10%
Which event took place in 2012? Red Bull Stratos Jump
24.3%
Fukushima Disaster
36.6%
Edward Snowden leaks
30.6%
Star Wars: The Force Awakens
7.4%

You're not logged in!

Compare scores with friends on all Sporcle quizzes.
OR
Log In

Sporcle TV

Today on Sporcle TV


Watch our educational content, quiz creation guides, and fun videos on Sporcle TV.

Show Comments

Extras

Top Quizzes Today


Score Distribution

Your Account Isn't Verified!

In order to create a playlist on Sporcle, you need to verify the email address you used during registration. Go to your Sporcle Settings to finish the process.

Report this User

Report this user for behavior that violates our Community Guidelines.

Details: